Bliss avenue (Record no. 316)
[ view plain ]
| 000 -LEADER | |
|---|---|
| fixed length control field | 00793njm a2200181 a 4500 |
| 001 - CONTROL NUMBER | |
| control field | ASINB00CO8KNAS |
| 005 - DATE AND TIME OF LATEST TRANSACTION | |
| control field | 20200421093826.0 |
| 008 - FIXED-LENGTH DATA ELEMENTS--GENERAL INFORMATION | |
| fixed length control field | 130724s2013 xxu eng d |
| 020 ## - INTERNATIONAL STANDARD BOOK NUMBER | |
| Terms of availability | £15.99 |
| 024 1# - OTHER STANDARD IDENTIFIER | |
| Standard number or code | 710347119128 |
| 100 1# - MAIN ENTRY--PERSONAL NAME | |
| Personal name | Fuchs, Dana. |
| 245 10 - TITLE STATEMENT | |
| Title | Bliss avenue |
| Medium | [sound recording] / |
| Statement of responsibility, etc. | Dana Fuchs. |
| 260 ## - PUBLICATION, DISTRIBUTION, ETC. | |
| Place of publication, distribution, etc. | [S.l.] : |
| Name of publisher, distributor, etc. | RUF, |
| Date of publication, distribution, etc. | 2013. |
| 300 ## - PHYSICAL DESCRIPTION | |
| Extent | 1 sound disc : |
| Other physical details | digital ; |
| Dimensions | 4 3/4 in. |
| 505 0# - FORMATTED CONTENTS NOTE | |
| Title | Bliss avenue -- |
| -- | How did things get this way -- |
| -- | Handful too many -- |
| -- | Livin' on sunday -- |
| -- | So hard to move -- |
| -- | Daddy's little girl -- |
| -- | Rodents in the attic -- |
| -- | Baby loves the life -- |
| -- | Nothin' on my mind -- |
| -- | Keep on walkin' -- |
| -- | Vagabond wind -- |
| -- | Long long game. |
| 856 40 - ELECTRONIC LOCATION AND ACCESS | |
| Materials specified | Amazon.com |
| Uniform Resource Identifier | <a href="http://www.amazon.co.uk/exec/obidos/ASIN/B00CO8KNAS/chopaconline-20">http://www.amazon.co.uk/exec/obidos/ASIN/B00CO8KNAS/chopaconline-20</a> |
| 942 ## - ADDED ENTRY ELEMENTS (KOHA) | |
| Source of classification or shelving scheme | Dewey Decimal Classification |
| Koha item type | Music |
| Withdrawn status | Lost status | Damaged status | Not for loan | Collection | Home library | Current library | Shelving location | Date acquired | Barcode | Date last seen | Price effective from | Koha item type |
|---|---|---|---|---|---|---|---|---|---|---|---|---|
| Reference | Centerville | Centerville | Audio visual | 09/04/2014 | 39999000013894 | 09/04/2014 | 09/04/2014 | Music | ||||
| Reference | Fairview | Fairview | Audio visual | 09/04/2014 | 39999000013917 | 09/04/2014 | 09/04/2014 | Music |